Ecological or green economics genuine contribution or fashionable fad?

Enregistré dans:
Détails bibliographiques
Auteur principal: Tisdell, Clem
Format: Livre
Langue:anglais
Publié: Brisbane University of Qeensland 1990
Édition:1. ed.
Collection:Discussion Paper No.47
Tags: Ajouter un tag
Pas de tags, Soyez le premier à ajouter un tag!

MARC

LEADER 00000nam a2200000 4500
001 c028913
005 20221215113617.3
041 0 |a eng 
044 |a AU 
245 1 0 |a Ecological or green economics  |b genuine contribution or fashionable fad?  |c Clem Tisdell 
250 |a 1. ed. 
264 1 |a Brisbane  |b University of Qeensland  |c 1990 
300 |a 27 s. 
490 1 |a Discussion Paper  |v No.47 
830 0 |a Discussion Paper  |v No.47 
100 1 |a Tisdell, Clem